Southville International School and Colleges
Your cart is empty.
  • Cart
  • Lists
    Public lists Eva Luna New books Lux_list list_1
    Your lists Log in to create your own lists
  • Log in to your account
  • Your cookies
  • Search history
Southville International School and Colleges
  • Advanced search
  • Recent comments
  • Most popular
  • Libraries

Log in to your account

Log in with GOOGLE


If you do not have an external account, but do have a local account, you can still log in:

  1. Home
  2. MARC view: The legend of the Wandering king /
Normal view MARC view ISBD view

The legend of the Wandering king / (Record no. 288078)

[ view plain ]
MARC details
000 -LEADER
fixed length control field 00725nam a2200205Ia 4500
008 - FIXED-LENGTH DATA ELEMENTS--GENERAL INFORMATION
fixed length control field 150610s9999 xx 000 0 und d
020 ## - INTERNATIONAL STANDARD BOOK NUMBER
International Standard Book Number 0 439585562
050 ## - LIBRARY OF CONGRESS CALL NUMBER
Classification number PZ7
Item number .G13637Le 2005
100 ## - MAIN ENTRY--PERSONAL NAME
Personal name Gallego García, Laura, 1977-
245 #4 - TITLE STATEMENT
Title The legend of the Wandering king /
Statement of responsibility, etc Laura Gallego García ; translated by Dan Bellm.
250 ## - EDITION STATEMENT
Edition statement First American edition
260 ## - PUBLICATION, DISTRIBUTION, ETC. (IMPRINT)
Place of publication, distribution, etc New York :
Name of publisher, distributor, etc Arthur A. Levine Books,
Date of publication, distribution, etc 2005.
300 ## - PHYSICAL DESCRIPTION
Extent 213pages :
Other physical details map;
Dimensions 22 cm.
504 ## - BIBLIOGRAPHY, ETC. NOTE
Bibliography, etc Translation of: Leyenda del rey errante.
520 ## - SUMMARY, ETC.
Summary, etc Fiction.
650 ## - SUBJECT ADDED ENTRY--TOPICAL TERM
Topical term or geographic name as entry element Choice
General subdivision Fiction.
650 ## - SUBJECT ADDED ENTRY--TOPICAL TERM
Topical term or geographic name as entry element Kings, queens, rulers, etc.
Topical term following geographic name as entry element Fiction.
650 ## - SUBJECT ADDED ENTRY--TOPICAL TERM
Topical term or geographic name as entry element Arabian Peninsula
Topical term following geographic name as entry element Fiction.
650 ## - SUBJECT ADDED ENTRY--TOPICAL TERM
Topical term or geographic name as entry element Fate and fatalism
General subdivision Fiction.
Holdings
Withdrawn status Lost status Damaged status Home library Current library Shelving location Date acquired Total Checkouts Full call number Barcode Date last seen Price effective from Koha item type
      Stonyhurst Southville International School (Batangas) Stonyhurst Southville International School (Batangas) High School Section 06/10/2015   PZ7.G13637Le 2005 US-1060 06/10/2015   Books

The legend of the Wandering king /

APA

Gallego García L. 1., . (2005). The legend of the Wandering king. New York: Arthur A. Levine Books.

Chicago

Gallego García Laura 1977, . 2005. The legend of the Wandering king. New York: Arthur A. Levine Books.

Harvard

Gallego García L. 1., . (2005). The legend of the Wandering king. New York: Arthur A. Levine Books.

MLA

Gallego García Laura 1977, . The legend of the Wandering king. New York: Arthur A. Levine Books. 2005.

  • Place hold
  • Print
  • Cite
  • Add to your cart (remove)
  • Save record
    BIBTEX Dublin Core MARCXML MARC (non-Unicode/MARC-8) MARC (Unicode/UTF-8) MARC (Unicode/UTF-8, Standard) MODS (XML) RIS
  • More searches
    Search for this title in:
    Other Libraries (WorldCat) Other Databases (Google Scholar) Online Stores (Bookfinder.com) Open Library (openlibrary.org)

Exporting to Dublin Core...

SOUTHVILLE LIBRARY

Southville International School and Colleges Library

1281 Tropical Ave. Cor. Luxembourg St., BF Homes International, Las Pinas City

Tel. No. 8256374 / 252358 Loc. 117/146

Powered by Koha